Before and After Science (Lp 2310 547) (Record n. 100457)

Dettagli MARC
000 -LEADER
fixed length control field 01224njm a2200313Ia 4500
001 - CONTROL NUMBER
control field 20586
003 - CONTROL NUMBER IDENTIFIER
control field IT-RoPAU
005 - DATE AND TIME OF LATEST TRANSACTION
control field 20220918181129.0
008 - FIXED-LENGTH DATA ELEMENTS--GENERAL INFORMATION
fixed length control field 131025s9999 xx 000 0 und d
040 ## - CATALOGING SOURCE
Original cataloging agency IT-RoPAU
040 ## - CATALOGING SOURCE
Transcribing agency IT-RoPAU
999 ## - SYSTEM CONTROL NUMBERS (KOHA)
Koha Dewey Subclass [OBSOLETE] n.d.
100 ## - MAIN ENTRY--PERSONAL NAME
Personal name Eno Brian
9 (RLIN) 2228
100 ## - MAIN ENTRY--PERSONAL NAME
Relator term Autore musica
9 (RLIN) 2229
100 ## - MAIN ENTRY--PERSONAL NAME
Miscellaneous information Codice autore musica SPICS: 11870
9 (RLIN) 2230
245 ## - TITLE STATEMENT
Title Before and After Science (Lp 2310 547)
250 ## - EDITION STATEMENT
Edition statement 1a ed.
260 ## - PUBLICATION, DISTRIBUTION, ETC. (IMPRINT)
Place of publication, distribution, etc. ITALIA
260 ## - PUBLICATION, DISTRIBUTION, ETC. (IMPRINT)
Name of publisher, distributor, etc. EG RECORDS
Date of publication, distribution, etc. 1977 [1a Ed.:1977 - Ed. Lingua Orig.: 1977]
300 ## - PHYSICAL DESCRIPTION
Extent DISCO
300 ## - PHYSICAL DESCRIPTION
Dimensions 41 minuti (Testo: pag.)
500 ## - GENERAL NOTE
General note Musica strumentale
505 ## - FORMATTED CONTENTS NOTE
Formatted contents note No-One Receiving - Backwater - Kurt's Rejoinder - Energy Fools the Magician - King's Lead Hat - Here He Comes - Julie With... - Spider and I - Through Hollow Lands - By This River (4:00)
650 ## - SUBJECT ADDED ENTRY--TOPICAL TERM
Topical term or geographic name as entry element STRUMENTALE [DISCHI]
Relator term Codice MATERIA SPICS: 9950
9 (RLIN) 828
700 ## - ADDED ENTRY--PERSONAL NAME
Personal name Eno Brian
Miscellaneous information Codice autore testo/musica SPICS: 11870
Relator term Autore testo/musica
9 (RLIN) 2231
700 ## - ADDED ENTRY--PERSONAL NAME
Personal name Moebius Mobi
Miscellaneous information Codice autore musica SPICS: 23091
Relator term Autore musica
Name of part/section of a work By This River
9 (RLIN) 2232
700 ## - ADDED ENTRY--PERSONAL NAME
Personal name Roedelius Achim
Miscellaneous information Codice autore SPICS: 23092
Relator term Autore
Name of part/section of a work By This River
9 (RLIN) 2233
942 ## - ADDED ENTRY ELEMENTS (KOHA)
Koha item type DISCHI
Source of classification or shelving scheme Dewey Decimal Classification
Dati di copia
Withdrawn status Lost status Damaged status Not for loan Home library Current library Date acquired Total Checkouts Full call number Date last seen Price effective from Koha item type Public note
    Buone Condizioni Not For Loan SPICS-MEDIATECA SPICS-MEDIATECA 25/10/2013   20586 25/10/2013 25/10/2013 DISCHI Progr. Ins.: 3893 / N.Vol.: 1 / Copie: 1 - Copia rara: n.d. / date import: 01.01.2014 - By Epidotti, Trombetti, Vaglietti
CREDITS: SOCIETA' SAN PAOLO Via A.Severo, 58 - ROMA (RM) & PERIODICI SAN PAOLO SRL Via Giotto, 36 MILANO & CISF Via Giotto, 36 MILANO & EDIZIONI SAN PAOLO SRL,  Piazza Soncino, 5 CINISELLO BALSAMO (MI) -- ITALY